000 00364nam a2200169Ia 4500
005 20250423094831.0
008 250422s9999 xx 000 0 und d
020 _a0723429499
050 _aRC 871 C646/
245 0 _aComprehensive urology
260 _aLondon
260 _bMosby
260 _cc2001
300 _a724 p
650 _aUROLOGY
942 _cBK
999 _c28432
_d28432